| 000 | 00631njm a2200229 i 4500 | ||
|---|---|---|---|
| 001 | C2-0315451 | ||
| 003 | PPAK | ||
| 005 | 20180729163414.0 | ||
| 008 | 120607s2008 xxu|||| ||||| | eng d | ||
| 020 | _a978160148526 | ||
| 040 |
_aPPAK _beng _cPPAK _erda |
||
| 245 | 1 | 4 | _aThe Audacity of hope |
| 264 | 1 |
_aUnited States : _bRandom House , _c2008 |
|
| 336 |
_2rdacontent _atext |
||
| 337 |
_2rdamedia _aunmediated |
||
| 338 |
_2rdacarrier _avolume |
||
| 500 | _a1 unit Playaway audiobook | ||
| 650 | 1 | 0 | _aAfrican American legislaters - Biography |
| 700 | _eauthor | ||
| 700 | 1 |
_aBronstein, Jacob, _ecompile |
|
| 942 |
_ddc _cB |
||
| 999 |
_c163943 _d163943 |
||